00667nam a2200169 a 450000100100000000500170001000800410002704000130006808200160008111000330009724500770013026000810020730000280028850001020031650000420041870000370046000000926420200929161533.0090929s1972 dr a 001 0 spa d aDO-SdBNP axxxxbA532e1 aInstituto Americano de Banca00aAnálisis de estados financieros /ctraductor Francisco Díaz Morales. aSanto Domingo :bSección de la Asociación Americana de Banqueros,c1972. a653 p. :bil. ;c21 cm. aVersión en español auspiciada por el capítulo A.I.B. Santo Domingo, República Dominicana. aIncluye notas al pie de las páginas1 aDíaz Morales, Franciscoetrad.